000 004220000a22001810004500
003 MACL
005 20151015152037.0
008 151015b xxu||||| |||| 00| 0 eng d
040 _aMACL
_cMACL
041 _aEnglish
082 _a920/NAN
100 _aNanda, B R
_98980
245 _aGokhale
260 _bOxford University Press
_c1977
_aNew Delhi
350 _a80
650 _aBiography
_915036
942 _cBK
_k920
_2ddc
999 _c6952
_d6952